Deník malého poseroutky. Psí život /
Uloženo v:
| Série: | Deník malého poseroutky,
část 4 |
|---|---|
| Hlavní autor: | |
| Další autoři: | , , |
| Médium: | E-audiokniha |
| Jazyk: | Czech |
| Vydáno: |
[Praha] :
CooBoo,
[2016]
|
| Témata: | |
| Příbuzné jednotky: | Z cyklu::
Deník malého poseroutky |
| Tagy: |
Žádné tagy |
| LEADER | 02595nim a2200649 i 4500 | ||
|---|---|---|---|
| 001 | 313064 | ||
| 003 | CZ PrSKC | ||
| 005 | 20260601215734.0 | ||
| 007 | sd fungnnmmned | ||
| 008 | 161103t20162016xr nnnnj h n cze | ||
| 015 | |a cnb002850568 | ||
| 024 | 3 | |a 8594050422568 | |
| 028 | 0 | 1 | |a 8 594050 422 568 |b CooBoo |
| 040 | |a ABA001 |b cze |e rda | ||
| 041 | 1 | |d cze |h eng | |
| 072 | 7 | |a 821.111(73)-3 |x Americká próza |2 Konspekt | |
| 072 | 7 | |a 821-93 |x Literatura pro děti a mládež (beletrie) |2 Konspekt | |
| 080 | |a 821.111(73)-32 |2 MRF | ||
| 080 | |a (0:82-321.5) |2 MRF | ||
| 080 | |a (086.7.053.2) |2 MRF | ||
| 080 | |a (086.7)08 |2 MRF | ||
| 080 | |a (086.76) |2 MRF | ||
| 100 | 1 | |a Kinney, Jeff, |d 1971- |7 xx0093180 |4 aut | |
| 240 | 1 | 0 | |a Dog days. |l Česky |7 aun20251278389 |
| 245 | 1 | 0 | |a Deník malého poseroutky. |p Psí život / |c Jeff Kinney ; z angličtiny přeložila Veronika Volhejnová |
| 246 | 3 | 0 | |a Psí život |
| 264 | 1 | |a [Praha] : |b CooBoo, |c [2016] | |
| 264 | 4 | |c ©2016 | |
| 300 | |a 1 CD audio (74:17) ; |c 12 cm | ||
| 306 | |a 011417 | ||
| 336 | |a mluvené slovo |b spw |2 rdacontent | ||
| 337 | |a audio |b s |2 rdamedia | ||
| 338 | |a audiodisk |b sd |2 rdacarrier | ||
| 344 | |a digital |b optical |2 rda | ||
| 347 | |a audio soubor |b CD audio |2 rda | ||
| 500 | |a Název z disku | ||
| 500 | |a Copyright Albatros Media | ||
| 508 | |a Režie Jan Jiráň | ||
| 511 | 0 | |a Vypráví Václav Kopta | |
| 518 | |a Nahráno v červnu 2016 ve zvukovém studiu DAMU, Praha | ||
| 655 | 7 | |a americké příběhy |7 fd131795 |2 czenas | |
| 655 | 7 | |a humoristické příběhy |7 fd132430 |2 czenas | |
| 655 | 7 | |a zvukové záznamy pro děti a mládež |7 fd186726 |2 czenas | |
| 655 | 7 | |a audioknihy |7 fd119452 |2 czenas | |
| 655 | 7 | |a kompaktní disky |7 fd201991 |2 czenas | |
| 700 | 1 | |a Volhejnová, Veronika, |d 1962- |7 jn20010309724 |4 trl | |
| 700 | 1 | |a Jiráň, Jan, |d 1957- |7 jn20000401255 |4 drt | |
| 700 | 1 | |a Kopta, Václav, |d 1965- |7 jo2002140130 |4 stl | |
| 900 | |a ABA001 |b 19 | ||
| 044 | |a xr | ||
| 505 | 0 | 0 | |t Denik maleho poseroutky 4 - Cerven (47 min., 39 sek.) |
| 505 | 0 | 0 | |t Denik maleho poseroutky 4 - Cervenec (7 min., 1 sek.) |
| 505 | 0 | 0 | |t Denik maleho poseroutky 4 - Srpen (19 min., 38 sek.) |
| 787 | 0 | 8 | |g 4 |i Z cyklu: |t Deník malého poseroutky |
| 910 | |a RBIT002 | ||
| 998 | |d 206749 |a https://core.palmknihy.cz/api/books/206749/cover?spvp7q |b https://core.palmknihy.cz/api/books/206749/cover/400?spvp7q |c https://core.palmknihy.cz/api/books/206749/cover/50?spvp7q |e 2030-07-02 |i 8594050422568 |l 4440 |q 49 |r 1 |s https://www.palmknihy.cz/kniha/206749 |t audiobook |y 2016 |z 0 |v Deník malého poseroutky |w 4 | ||
| 999 | |d 313062 | ||